Expériences sur les actions mécaniques exercées sur les roches par des gaz à hautes températures, doués de très fortes pressions et animés de mouvementstrès rapides / (Record no. 51940)

MARC details
000 -LEADER
campo de control de longitud fija 01015nam a2200193 i 4500
001 - NÚMERO DE CONTROL
campo de control 51940
003 - IDENTIFICADOR DE NÚMERO DE CONTROL
campo de control ES-MaACL
005 - FECHA Y HORA DE LA ÚLTIMA TRANSACCIÓN
campo de control 20230906162457.0
007 - CAMPO FIJO DE DESCRIPCIÓN FÍSICA--INFORMACIÓN GENERAL
campo de control de longitud fija t|
008 - DATOS DE LONGITUD FIJA--INFORMACIÓN GENERAL
campo de control de longitud fija 030821s1891 fr ||||1| fre d
100 1# - ENTRADA PRINCIPAL--NOMBRE DE PERSONA
Nombre de persona Daubrée, Auguste.
9 (RLIN) 42793
245 10 - MENCIÓN DEL TÍTULO
Título Expériences sur les actions mécaniques exercées sur les roches par des gaz à hautes températures, doués de très fortes pressions et animés de mouvementstrès rapides /
Mención de responsabilidad, etc. par M. Daubrée.
260 ## - PUBLICACIÓN, DISTRIBUCIÓN, ETC.
Lugar de publicación, distribución, etc. Paris :
Nombre del editor, distribuidor, etc. [s.n.],
Fecha de publicación, distribución, etc. 1891 (
Fabricante Gauthier-Villars et fils)
300 ## - DESCRIPCIÓN FÍSICA
Extensión 25 p. ;
Dimensiones 27 cm.
594 ## - Nota al título y mención de responsabilidad
Nota al título y mención de responsabilidad Autor y título tomado de principio del texto.
594 ## - Nota al título y mención de responsabilidad
Nota al título y mención de responsabilidad Precede al tít.: Institut de France. Académie des Sciences. Extrait des Comptes rendus des séances de l'Academie des Sciences, tome CXI, séance des 24 novembre et 8 décembre 1890 ; tome CXII, séance du 19 janvier 1891.
596 ## - NOTA AL PIE DE IMPRENTA
NOTA AL PIE DE IMPRENTA Datos de edición de final del texto.
852 ## - LOCALIZACIÓN
Ubicación ES-MaACL
Número de control de estantería T-1088-F-13
Nota libre .- Dedicatoria autógrafa del autor a Federico de Botella y de Hornos
Holdings
Estatus retirado Estado de pérdida Estado de daño No para préstamo Colección Biblioteca de origen Biblioteca actual Ubicación en estantería Fecha de adquisición Fuente de adquisición Total de préstamos Signatura topográfica completa Código de barras Visto por última vez Precio de reemplazo Tipo de ítem Koha
        Colección de folletos Biblioteca del Ateneo de Madrid Biblioteca del Ateneo de Madrid Depósito folletos 17/01/2008     T-1088-F-13 1054611 23/02/2023 23/02/2023 Folleto